[Event "6.Griesheimer Schachtage 2010"]
[Site "Griesheim"]
[Date "2010.05.09"]
[Round "5.13"]
[White "Kotzian, Ewald"]
[Black "Neuner, Johannes"]
[Result "1-0"]
[WhiteElo "1645"]
[BlackElo "1960"]
[PlyCount "43"]
[EventDate "2010.05.09"]

1. e4 c6 2. d4 d5 3. exd5 cxd5 4. c4 Nf6 5. Nc3 Nc6 6. Nf3 e6 7. Be2 Be7 8. O-O
O-O 9. a3 b6 10. b4 dxc4 11. Bxc4 Bb7 12. Be3 Rc8 13. Qb3 Ng4 14. Bxe6 Na5 15.
bxa5 Rxc3 16. Bxf7+ Rxf7 17. Qxc3 Bxf3 18. gxf3 Rxf3 19. Qc4+ Kh8 20. Qe2 Qd6
21. Kg2 Qg6 22. Qxf3 1-0

[Event "6.Griesheimer Schachtage 2010"]
[Site "Griesheim"]
[Date "2010.05.09"]
[Round "5.14"]
[White "Kaulfuss, Helmut"]
[Black "Breitbach, Stephan"]
[Result "1-0"]
[WhiteElo "2199"]
[BlackElo "1425"]
[PlyCount "45"]
[EventDate "2010.05.09"]

1. e4 d5 2. Nc3 dxe4 3. Nxe4 e6 4. Bc4 Nf6 5. Qe2 Be7 6. Nf3 Nxe4 7. Qxe4 O-O
8. d4 Nd7 9. O-O Nf6 10. Qe2 b6 11. Re1 c6 12. c3 Nd5 13. Ne5 Qc7 14. Bb3 Bd6
15. c4 Nf6 16. Bc2 c5 17. dxc5 Bxc5 18. Ng4 Be7 19. Qd3 g6 20. Nh6+ Kh8 21. Qc3
Bb7 22. Ng4 Qc6 23. Be4 1-0

[Event "6.Griesheimer Schachtage 2010"]
[Site "Griesheim"]
[Date "2010.05.09"]
[Round "5.15"]
[White "Auschkalnis, Reinhard"]
[Black "Ahrends, Norbert"]
[Result "0-1"]
[WhiteElo "1882"]
[BlackElo "2034"]
[PlyCount "76"]
[EventDate "2010.05.09"]

1. c4 c6 2. g3 d5 3. Bg2 e6 4. Nf3 Nf6 5. O-O dxc4 6. a4 a6 7. Qc2 g6 8. Ne5
Bg7 9. Nxc4 O-O 10. a5 Nbd7 11. d3 Qc7 12. Nc3 Nd5 13. e4 Nb4 14. Qe2 Nc5 15.
e5 Nb3 16. Be3 Nd5 17. Ra3 Nxe3 18. Qxe3 Nxa5 19. Nxa5 Bxe5 20. Nc4 Bg7 21. Nd2
Rd8 22. Ne2 Bxb2 23. Rb3 Bg7 24. Ne4 a5 25. d4 a4 26. Rbb1 e5 27. Rfd1 exd4 28.
Nxd4 Bd7 29. Nc5 Bc8 30. Ne4 Qe7 31. h4 a3 32. Kh2 a2 33. Ra1 c5 34. Nb3 Rxd1
35. Rxd1 a1=Q 36. Nxa1 Bxa1 37. Rxa1 Rxa1 38. Qc3 38... Ra6 {ZUE} 0-1

[Event "6.Griesheimer Schachtage 2010"]
[Site "Griesheim"]
[Date "2010.05.09"]
[Round "5.16"]
[White "Geringer, Waldemar"]
[Black "Rothermel, Tim"]
[Result "1-0"]
[WhiteElo "1949"]
[BlackElo "1763"]
[PlyCount "90"]
[EventDate "2010.05.09"]

1. d4 e6 2. c4 b6 3. e4 Bb7 4. d5 Bc5 5. Nf3 Nf6 6. Bd3 exd5 7. cxd5 Qe7 8. O-O
O-O 9. Bg5 h6 10. Bxf6 Qxf6 11. e5 Qd8 12. Nc3 d6 13. Bc2 Nd7 14. Qd3 g6 15. e6
Nf6 16. Rfe1 Qe7 17. exf7+ Qxf7 18. Re6 Rae8 19. Qxg6+ Qxg6 20. Bxg6 Rxe6 21.
dxe6 Kg7 22. Bf7 Ng4 23. e7 Kxf7 24. exf8=Q+ Kxf8 25. Nd1 Kf7 26. h3 Nf6 27.
Ne3 d5 28. Rc1 Bd6 29. Nf5 Bf4 30. Re1 Ne4 31. g3 Kf6 32. N5d4 Bd6 33. Rc1 c5
34. Nb5 Bb8 35. Ne1 d4 36. a4 a6 37. Na3 Bc6 38. Nc4 Bc7 39. b3 Nc3 40. Kf1 Bd7
41. Kg2 Bc6+ 42. f3 Ne2 43. Rc2 Nxg3 44. Nxb6 Nf5 45. Rxc5 Ne7 1-0

[Event "6.Griesheimer Schachtage 2010"]
[Site "Griesheim"]
[Date "2010.05.09"]
[Round "5.17"]
[White "Beck, Michael  HDS"]
[Black "Mager, Denis"]
[Result "1-0"]
[WhiteElo "1813"]
[BlackElo "1538"]
[PlyCount "61"]
[EventDate "2010.05.09"]

1. e4 e6 2. d3 c5 3. g3 Nc6 4. Bg2 Nge7 5. Nf3 d5 6. Nbd2 b6 7. O-O Bb7 8. Re1
g6 9. c3 Bg7 10. h4 O-O 11. Qe2 Re8 12. Nf1 Ba6 13. e5 Qc7 14. N1h2 b5 15. Bf4
b4 16. Ng4 Kh8 17. Bh6 Nf5 18. Bxg7+ Kxg7 19. Qd2 h5 20. Nf6 Rh8 21. Bh3 Nxe5
22. Nxh5+ gxh5 23. Nxe5 Nd6 24. Qg5+ Kf8 25. Qf6 Kg8 26. Bxe6 fxe6 27. Qxe6+
Kg7 28. Qg6+ Kf8 29. Qf6+ Kg8 30. Ng6 Nf7 31. Re7 1-0

[Event "6.Griesheimer Schachtage 2010"]
[Site "Griesheim"]
[Date "2010.05.09"]
[Round "5.18"]
[White "Grimm, Julius"]
[Black "Dankesreiter, Arne"]
[Result "0-1"]
[WhiteElo "1394"]
[BlackElo "2002"]
[PlyCount "40"]
[EventDate "2010.05.09"]

1. d4 Nf6 2. c4 g6 3. Nf3 d5 4. Nc3 Bg7 5. e3 O-O 6. Be2 c6 7. O-O dxc4 8. Bxc4
b5 9. Bb3 Bb7 10. e4 b4 11. e5 bxc3 12. exf6 cxb2 13. Bxb2 Bxf6 14. Ne5 Bxe5
15. dxe5 c5 16. Qc2 Na6 17. Rfe1 Qc7 18. a3 Qc6 19. f3 Qb6 20. Rab1 c4+ 0-1

[Event "6.Griesheimer Schachtage 2010"]
[Site "Griesheim"]
[Date "2010.05.09"]
[Round "5.19"]
[White "Mager, Thomas"]
[Black "Heilmann, Jean-Michel"]
[Result "1-0"]
[WhiteElo "1843"]
[BlackElo "1328"]
[PlyCount "73"]
[EventDate "2010.05.09"]

1. d4 e6 2. c4 d5 3. Nc3 Bb4 4. a3 Bxc3+ 5. bxc3 c6 6. Nf3 Ne7 7. Bf4 Nd7 8. e3
Nf6 9. c5 Bd7 10. Bd3 O-O 11. O-O Ng6 12. Bd6 Re8 13. Qc2 b6 14. cxb6 axb6 15.
h3 Qc8 16. Rfb1 c5 17. Rxb6 c4 18. Bxg6 hxg6 19. Be5 Ba4 20. Qb2 Ne4 21. Ne1 f6
22. Bh2 e5 23. f3 Ng5 24. dxe5 fxe5 25. Rxg6 Rb8 26. Qd2 Qd8 27. e4 Nf7 28.
exd5 Rb6 29. Rg4 Bb3 30. Nc2 Bxc2 31. Qxc2 Qxd5 32. Qe4 Qc5+ 33. Kh1 Nd6 34.
Qg6 Rb7 35. Bg1 Qc7 36. Rd1 Nb5 37. Qxe8+ 1-0

[Event "6.Griesheimer Schachtage 2010"]
[Site "Griesheim"]
[Date "2010.05.09"]
[Round "5.20"]
[White "Miller, Justin"]
[Black "Barisch, Florian"]
[Result "0-1"]
[WhiteElo "1311"]
[BlackElo "1932"]
[Result "0-1"]
[PlyCount "52"]

1. e4 c5 2. Nf3 Nc6 3. d4 cxd4 4. Nxd4 Nf6 5. Nc3 d6 6. Be3 e6 7. f3 a6 8. Qd2
Be7 9. O-O-O O-O 10. g4 Qa5 11. Nb3 Qc7 12. h4 Ne5 13. Qg2 b5 14. h5 b4 15. Ne2
Nc4 16. Qf2 Nxe3 17. Qxe3 Bb7 18. Ned4 Rfc8 19. Rh2 Nd7 20. Bd3 d5 21. Rg2 Bd6
22. Ne2 Nc5 23. Nxc5 Bxc5 24. Qd2 Rd8 25. Qf4 Qxf4+ 26. Nxf4 Be3+ 0-1

[Event "6.Griesheimer Schachtage 2010"]
[Site "Griesheim"]
[Date "2010.05.09"]
[Round "5.21"]
[White "Gutacker, Stephan"]
[Black "Perske, Thore"]
[Result "1/2-1/2"]
[WhiteElo "1936"]
[BlackElo "1659"]
[PlyCount "50"]
[EventDate "2010.05.09"]

1. e4 e6 2. d4 d5 3. Nd2 a6 4. Bd3 Nf6 5. e5 Nfd7 6. Ne2 c5 7. c3 Nc6 8. O-O
Be7 9. Nf3 cxd4 10. cxd4 O-O 11. a3 f6 12. exf6 Bxf6 13. Nf4 Re8 14. Re1 Nf8
15. Bc2 Bd7 16. b4 Rc8 17. Bb2 Qb6 18. Rb1 Qc7 19. Nh5 Nxb4 20. Nxf6+ gxf6 21.
Bxh7+ Nxh7 22. axb4 Re7 23. Rc1 Qd6 24. Rxc8+ Bxc8 25. Ba3 Rg7 1/2-1/2

[Event "6.Griesheimer Schachtage 2010"]
[Site "Griesheim"]
[Date "2010.05.09"]
[Round "5.22"]
[White "Simak, Jaroslav"]
[Black "Jacob, Achim"]
[Result "1-0"]
[WhiteElo "1753"]
[BlackElo "1636"]
[PlyCount "63"]
[EventDate "2010.05.09"]

1. e4 c6 2. d4 e6 3. Nc3 d5 4. e5 Bb4 5. Qg4 g6 6. a3 Be7 7. f4 Nh6 8. Qd1 b6
9. Nf3 Ba6 10. Be3 Bxf1 11. Kxf1 Nf5 12. Bf2 Nd7 13. h4 c5 14. h5 cxd4 15. Nxd4
Nxd4 16. Bxd4 Bc5 17. hxg6 fxg6 18. Nb5 Be7 19. Qg4 Nf8 20. Bc3 Qd7 21. Nd4 Bc5
22. Ne2 O-O-O 23. b4 Be7 24. Nd4 h5 25. Qe2 Qa4 26. g4 h4 27. g5 Kb7 28. Rh3
Rc8 29. Qd3 Qa6 30. Ke2 Qxd3+ 31. Kxd3 Rc7 32. Rah1 1-0

[Event "6.Griesheimer Schachtage 2010"]
[Site "Griesheim"]
[Date "2010.05.09"]
[Round "5.23"]
[White "Bejan, Viorel"]
[Black "Bitzer, Andre"]
[Result "1/2-1/2"]
[WhiteElo "1579"]
[BlackElo "1720"]
[PlyCount "106"]
[EventDate "2010.05.09"]

1. e4 c6 2. Nc3 d5 3. d4 dxe4 4. Nxe4 Nf6 5. Nxf6+ gxf6 6. Bc4 Bf5 7. g4 Be4 8.
f3 Bd5 9. Bb3 Bxb3 10. axb3 e6 11. Ne2 Bd6 12. Qd3 Qc7 13. Be3 h5 14. O-O-O
hxg4 15. fxg4 Na6 16. h4 Nb4 17. Qe4 Qa5 18. c3 Qa1+ 19. Qb1 Qxb1+ 20. Kxb1 Nd5
21. Bd2 Kd7 22. Rdf1 Be7 23. c4 Nc7 24. h5 Rag8 25. Rfg1 e5 26. h6 Ne6 27. dxe5
fxe5 28. Rh5 f6 29. Kc2 Rg6 30. b4 Rh7 31. Kd3 Nd8 32. Ke4 Ke6 33. Kf3 Nf7 34.
Re1 Ng5+ 35. Bxg5 Rxg5 36. Nd4+ Kf7 37. Rxg5 fxg5 38. Nf5 Bf6 39. Rd1 e4+ 40.
Kxe4 Bxb2 41. Rd7+ Kg6 42. Rxh7 Kxh7 43. Nd6 b6 44. Kf5 Kxh6 45. Nf7+ Kg7 46.
Nxg5 a5 47. bxa5 bxa5 48. Ne6+ Kg8 49. Nc5 Ba3 50. Na4 c5 51. Ke5 Kg7 52. Kd5
Kg6 53. Nxc5 Kg5 1/2-1/2

[Event "6.Griesheimer Schachtage 2010"]
[Site "Griesheim"]
[Date "2010.05.09"]
[Round "5.24"]
[White "Berger, Achim"]
[Black "Beck, Michael  GRS"]
[Result "0-1"]
[WhiteElo "1670"]
[BlackElo "1589"]
[PlyCount "78"]
[EventDate "2010.05.09"]

1. e4 d5 2. exd5 Qxd5 3. Nf3 Bg4 4. Be2 Nf6 5. Nc3 Qd6 6. O-O a6 7. d4 Nc6 8.
Be3 h6 9. Qd2 O-O-O 10. Rfd1 e6 11. a3 Qd7 12. b4 Bxf3 13. Bxf3 Ne7 14. a4 g5
15. b5 a5 16. Ne4 Nxe4 17. Qxa5 Qd5 18. c4 Qf5 19. Qa8+ Kd7 20. Qxb7 Nd6 21.
Bc6+ Nxc6 22. Qxc6+ Ke7 23. Qxc7+ Rd7 24. Qc6 Bg7 25. Ra2 Rc8 26. Qa6 Rxc4 27.
a5 Bxd4 28. Rad2 Ra7 29. Qxa7+ Bxa7 30. Bxa7 Nxb5 31. Bb6 Ra4 32. Bd8+ Kf8 33.
h3 Qe5 34. h4 Rxh4 35. Bb6 Qh2+ 36. Kf1 Qh1+ 37. Ke2 Re4+ 38. Kf3 Rf4+ 39. Ke2
Nc3+ 0-1

[Event "6.Griesheimer Schachtage 2010"]
[Site "Griesheim"]
[Date "2010.05.09"]
[Round "5.25"]
[White "Gloeckner, Hank"]
[Black "Haas, Vanessa"]
[Result "0-1"]
[WhiteElo "1373"]
[BlackElo "1848"]
[PlyCount "76"]
[EventDate "2010.05.09"]

1. Nc3 Nf6 2. a3 e6 3. Nf3 d5 4. d4 c5 5. Bg5 Nbd7 6. h3 a6 7. Qd2 Qc7 8. e3
Bd6 9. dxc5 Nxc5 10. Bxf6 gxf6 11. g4 b5 12. b4 Nd7 13. Bd3 Bb7 14. Ne2 e5 15.
Bf5 Nb6 16. Ng3 e4 17. Nd4 Nc4 18. Qe2 Bxg3 19. fxg3 Qxg3+ 20. Qf2 Qxe3+ 21.
Qxe3 Nxe3 22. Ke2 Nxf5 23. Nxf5 Rd8 24. Ke3 Bc8 25. Nd4 h5 26. Kf4 Bd7 27. Rag1
hxg4 28. hxg4 Rxh1 29. Rxh1 Ke7 30. Rh5 Rg8 31. Rh4 Rc8 32. Rh5 Be6 33. Rh2 Rc3
34. Rf2 Rxa3 35. Nc6+ Kd6 36. Nd4 Rc3 37. Nb3 Rc4 38. Nc5 Bc8 0-1

[Event "6.Griesheimer Schachtage 2010"]
[Site "Griesheim"]
[Date "2010.05.09"]
[Round "5.26"]
[White "Warnk, Torsten"]
[Black "Spitzl, Vinzent"]
[Result "1-0"]
[WhiteElo "1977"]
[BlackElo "1711"]
[PlyCount "73"]
[EventDate "2010.05.09"]

1. d4 d5 2. Nf3 Nf6 3. Bf4 c5 4. e3 Nc6 5. c4 e6 6. Nc3 Be7 7. Nb5 Qa5+ 8. Qd2
Bd8 9. Nd6+ Kf8 10. Nxc8 Rxc8 11. Bd6+ Kg8 12. Bxc5 Qxd2+ 13. Nxd2 Ba5 14. f3
b6 15. Bd6 Nd8 16. b4 Nb7 17. Be7 Rc7 18. Bxf6 Bxb4 19. Be5 Rc8 20. cxd5 exd5
21. Ba6 Rc2 22. O-O Bxd2 23. Bxb7 Bxe3+ 24. Kh1 f6 25. Bxd5+ Kf8 26. Bd6+ Ke8
27. Rfe1 Kd7 28. Bb3 Rd2 29. Bb4 Rd3 30. Ba4+ Kc7 31. Bb5 Rxd4 32. Rxe3 Rxb4
33. Rc1+ Kb7 34. Re7+ Kb8 35. Bc6 Rd8 36. Rb7+ Kc8 37. Be4+ 1-0

[Event "6.Griesheimer Schachtage 2010"]
[Site "Griesheim"]
[Date "2010.05.09"]
[Round "5.27"]
[White "Freund, Karlheinz"]
[Black "Bars, Alexander"]
[Result "1/2-1/2"]
[WhiteElo "1954"]
[BlackElo "1242"]
[PlyCount "42"]
[EventDate "2010.05.09"]

1. d4 d5 2. Nc3 Nf6 3. Bg5 e6 4. e4 h6 5. Bxf6 gxf6 6. exd5 exd5 7. Qf3 Be6 8.
O-O-O Nc6 9. Bb5 Be7 10. Nge2 Qd7 11. Nf4 Bg4 12. Qe3 Bxd1 13. Rxd1 O-O-O 14.
Nfxd5 Rhe8 15. Bxc6 bxc6 16. Nxe7+ Qxe7 17. Qxh6 c5 18. d5 c6 19. Qh3+ Kc7 20.
Qd3 Qd6 21. Qa6 Kb8 1/2-1/2

[Event "6.Griesheimer Schachtage 2010"]
[Site "Griesheim"]
[Date "2010.05.09"]
[Round "5.28"]
[White "Struwecker, Sigurd"]
[Black "Storkebaum, Karl-Heinrich"]
[Result "0-1"]
[WhiteElo "1405"]
[BlackElo "1994"]
[PlyCount "108"]
[EventDate "2010.05.09"]

1. b4 d5 2. Bb2 e6 3. e3 Nf6 4. b5 c5 5. c4 b6 6. Nf3 Nbd7 7. d4 Bb7 8. Nbd2
Be7 9. Be2 O-O 10. O-O Ne4 11. Nxe4 dxe4 12. Nd2 f5 13. f3 cxd4 14. exd4 e3 15.
Nb3 f4 16. Bd3 Nf6 17. Be4 Nxe4 18. fxe4 Bxe4 19. Qg4 Bf5 20. Qxf4 Bg5 21. Qe5
Qb8 22. Qxb8 Raxb8 23. Rfe1 Bd3 24. Rac1 Rf2 25. Ba1 Rbf8 26. h4 Bh6 27. Bc3 e2
28. Bd2 Rf1+ 29. Kh2 Bf4+ 30. Bxf4 R8xf4 31. Nd2 Rxe1 32. Rxe1 Rxh4+ 33. Kg3
Rxd4 34. Kf3 Bxc4 35. Nxc4 Rxc4 36. Rxe2 Kf7 37. Re3 Rb4 38. Ra3 Rxb5 39. Rxa7+
Kf6 40. a4 Ra5 41. Rb7 Rxa4 42. Rxb6 h5 43. Rb8 g6 44. Rf8+ Kg5 45. Re8 Rf4+
46. Ke3 Rf6 47. Ke4 h4 48. Ra8 Rf2 49. Ra5+ Kg4 50. Ke3 Rxg2 51. Re5 h3 52.
Rxe6 g5 53. Re4+ Kg3 54. Re5 g4 0-1

[Event "6.Griesheimer Schachtage 2010"]
[Site "Griesheim"]
[Date "2010.05.09"]
[Round "5.30"]
[White "Nothnagel, Manuel"]
[Black "Urbach, Jens"]
[Result "1-0"]
[WhiteElo "1501"]
[BlackElo "927"]
[PlyCount "63"]
[EventDate "2010.05.09"]

1. b3 e5 2. Bb2 Nc6 3. Nf3 d6 4. g3 Nf6 5. Bg2 Be7 6. O-O O-O 7. d3 h6 8. Nbd2
b5 9. Nxe5 dxe5 10. Bxc6 Rb8 11. Bxe5 Rb6 12. Bg2 Re6 13. Bb2 c6 14. Bh3 Rd6
15. Bxc8 Qxc8 16. Bxf6 Bxf6 17. Ne4 Re6 18. Rc1 Be5 19. d4 Rd8 20. e3 f5 21.
Nc5 Red6 22. Qf3 Bf6 23. c3 g6 24. Rfe1 Qc7 25. e4 fxe4 26. Nxe4 Rf8 27. Qg4
Rd5 28. Qxg6+ Bg7 29. Nc5 Rd6 30. Re6 Rxe6 31. Nxe6 Qf7 32. Nxf8 1-0

[Event "6.Griesheimer Schachtage 2010"]
[Site "Griesheim"]
[Date "2010.05.09"]
[Round "5.31"]
[White "Khrapko, Marko"]
[Black "Lehmann, Gerit"]
[Result "1/2-1/2"]
[WhiteElo "1335"]
[BlackElo "1486"]
[PlyCount "133"]
[EventDate "2010.05.09"]

1. e4 e5 2. Nf3 Nc6 3. Bc4 Bc5 4. c3 h6 5. d3 d6 6. b4 Bb6 7. Be3 Nf6 8. a4
Bxe3 9. fxe3 O-O 10. O-O Bg4 11. Nbd2 Be6 12. Qe2 Bxc4 13. Nxc4 Nd7 14. Rfe1 f5
15. Ncd2 fxe4 16. Nxe4 Nf6 17. Ng3 Qe8 18. e4 Qe6 19. Nf5 Ne7 20. N3h4 Nxf5 21.
Nxf5 Kh7 22. Qd2 Ng8 23. d4 g6 24. d5 Qf6 25. Ng3 Qf4 26. Qe2 Qg5 27. Rf1 Kg7
28. Rae1 c6 29. dxc6 bxc6 30. Qa6 Rfc8 31. Qb7+ Qe7 32. Qxe7+ Nxe7 33. Rd1 Rd8
34. Rf2 d5 35. exd5 cxd5 36. Re2 e4 37. Red2 Rdc8 38. Ne2 g5 39. Rc1 Rc4 40.
Rd4 Rac8 41. Rxc4 Rxc4 42. Rd1 Kf6 43. Rd4 Rxd4 44. cxd4 Nc6 45. b5 Na5 46. Kf2
Nc4 47. g4 Nb6 48. Nc3 Ke6 49. Ke2 Kd6 50. Kd1 Nd7 51. Ke2 Nf6 52. h3 h5 53.
gxh5 Nxh5 54. Kf2 Nf4 55. Kg3 e3 56. Kf3 Nxh3 57. Kxe3 Nf4 58. Kf3 Ne6 59. Ne2
Kc7 60. a5 Kb7 61. Kg4 Nc7 62. Nc3 Ne6 63. a6+ Kb6 64. Nxd5+ Kxb5 65. Ne7 Nxd4
66. Kxg5 Kxa6 67. Nc8 1/2-1/2

[Event "6.Griesheimer Schachtage 2010"]
[Site "Griesheim"]
[Date "2010.05.09"]
[Round "5.32"]
[White "Meisinger, Herbert"]
[Black "Breining, Anton"]
[Result "0-1"]
[WhiteElo "1185"]
[BlackElo "1440"]
[PlyCount "88"]
[EventDate "2010.05.09"]

1. d4 d5 2. c4 e6 3. Nf3 Nf6 4. Nc3 a6 5. e3 Bd6 6. cxd5 exd5 7. Bd3 O-O 8. O-O
Bg4 9. Be2 Nbd7 10. h3 Bh5 11. Qc2 Bg6 12. Bd3 Bxd3 13. Qxd3 h6 14. Bd2 c6 15.
Rfe1 Re8 16. e4 dxe4 17. Nxe4 Nxe4 18. Rxe4 Rxe4 19. Qxe4 Nf6 20. Qc2 Qd7 21.
Re1 Re8 22. Bc3 Rxe1+ 23. Bxe1 Nd5 24. Qe2 f6 25. Bd2 Kf7 26. Qe4 Qe6 27. Qxe6+
Kxe6 28. g3 g5 29. g4 b5 30. h4 Ne7 31. a3 Kd5 32. Kf1 Kc4 33. Ke2 Nd5 34. hxg5
hxg5 35. Ba5 Kb3 36. Bd8 Kxb2 37. Nd2 Be7 38. Bxe7 Nxe7 39. Ne4 Nd5 40. Nc5 a5
41. a4 Nc3+ 42. Kd2 Nxa4 43. Ne4 Nb6 44. Nxf6 a4 0-1